000 00290nam a2200109Ia 4500
008 171211s9999 xx 000 0 und d
245 _aUnity 3D and PlayMaker Essentials
245 _cJere Miles
260 _c2016
650 _xGAMES
856 _uhttp://down.ebook777.com/052/1138921777.pdf
999 _c348964
_d348964